Business information technology management : (Record no. 5762)
[ view plain ]
| 000 -LEADER | |
|---|---|
| fixed length control field | 01012cam a22002652 4500 |
| 001 - CONTROL NUMBER | |
| control field | 0000002284 |
| 005 - DATE AND TIME OF LATEST TRANSACTION | |
| control field | 20151217151847.0 |
| 008 - FIXED-LENGTH DATA ELEMENTS--GENERAL INFORMATION | |
| fixed length control field | 070405s xx 000 0 eng d |
| 020 ## - INTERNATIONAL STANDARD BOOK NUMBER | |
| International Standard Book Number | 033379253X : |
| Terms of availability | KES 10,560 |
| 040 ## - CATALOGING SOURCE | |
| Original cataloging agency | KABU |
| Transcribing agency | KABU |
| 050 #0 - LIBRARY OF CONGRESS CALL NUMBER | |
| Classification number | HF5548.2 |
| Item number | .B87 |
| 245 10 - TITLE STATEMENT | |
| Title | Business information technology management : |
| Remainder of title | alternative and adaptive futures / |
| Statement of responsibility, etc. | edited by Ray Hackney and Dennis Dunn. |
| 260 ## - PUBLICATION, DISTRIBUTION, ETC. (IMPRINT) | |
| Place of publication, distribution, etc. | Houndmills, Basingstoke, Hampshire ; |
| -- | New York : |
| Name of publisher, distributor, etc. | Palgrave, |
| Date of publication, distribution, etc. | 2000. |
| 300 ## - PHYSICAL DESCRIPTION | |
| Extent | xvii, 325 p. : |
| Other physical details | ill. ; |
| Dimensions | 23 cm. |
| 504 ## - BIBLIOGRAPHY, ETC. NOTE | |
| Bibliography, etc | Includes bibliographical references and index. |
| 650 #0 - SUBJECT ADDED ENTRY--TOPICAL TERM | |
| Topical term or geographic name as entry element | Business |
| General subdivision | Communication systems. |
| -- | 0000151605 |
| 650 #0 - SUBJECT ADDED ENTRY--TOPICAL TERM | |
| Topical term or geographic name as entry element | Business enterprises |
| General subdivision | Computer networks. |
| -- | 0000151606 |
| 650 #0 - SUBJECT ADDED ENTRY--TOPICAL TERM | |
| Topical term or geographic name as entry element | Management information systems. |
| -- | 0000148209 |
| 650 #0 - SUBJECT ADDED ENTRY--TOPICAL TERM | |
| Topical term or geographic name as entry element | Electronic commerce. |
| -- | 0000148142 |
| 700 1# - ADDED ENTRY--PERSONAL NAME | |
| Personal name | Hackney, Ray. |
| -- | 0000151607 |
| 700 1# - ADDED ENTRY--PERSONAL NAME | |
| Personal name | Dunn, Dennis. |
| -- | 0000151608 |
| 908 ## - PUT COMMAND PARAMETER (RLIN) | |
| Put command parameter | 070405 |
| 950 ## - LOCAL HOLDINGS (RLIN) | |
| -- | 1 |
| Withdrawn status | Lost status | Source of classification or shelving scheme | Not for loan | Home library | Current library | Date acquired | Total Checkouts | Full call number | Barcode | Date last seen | Price effective from | Koha item type |
|---|---|---|---|---|---|---|---|---|---|---|---|---|
| Library of Congress Classification | Kabarak, Main Campus | Kabarak, Main Campus | 17/12/2015 | HF5548.2 .B87 | 003612 | 02/08/2024 | 17/12/2015 | General Collection |